The Statue of Liberty / (Record no. 1891)

MARC details
000 -LEADER
fixed length control field 01372cam a2200397 a 4500
001 - CONTROL NUMBER
control field 1891
003 - CONTROL NUMBER IDENTIFIER
control field FISKH
005 - DATE AND TIME OF LATEST TRANSACTION
control field 20231009082735.0
008 - FIXED-LENGTH DATA ELEMENTS--GENERAL INFORMATION
fixed length control field 021120s2003 nyua b b 001 0 eng
010 ## - LIBRARY OF CONGRESS CONTROL NUMBER
LC control number 2002153945
020 ## - INTERNATIONAL STANDARD BOOK NUMBER
International Standard Book Number 9780516244877
020 ## - INTERNATIONAL STANDARD BOOK NUMBER
International Standard Book Number 0516278770 (pbk.)
040 ## - CATALOGING SOURCE
Original cataloging agency DLC
Transcribing agency DLC
Modifying agency DLC
Language of cataloging eng
042 ## - AUTHENTICATION CODE
Authentication code lcac
043 ## - GEOGRAPHIC AREA CODE
Geographic area code n-us-ny
050 00 - LIBRARY OF CONGRESS CALL NUMBER
Classification number F128.64.L6
Item number D68 2003
082 00 - DEWEY DECIMAL CLASSIFICATION NUMBER
Classification number 974.7/1
Edition number 21
100 1# - MAIN ENTRY--PERSONAL NAME
Personal name Douglas, Lloyd G.
245 14 - TITLE STATEMENT
Title The Statue of Liberty /
Statement of responsibility, etc. by Lloyd G. Douglas.
260 ## - PUBLICATION, DISTRIBUTION, ETC.
Place of publication, distribution, etc. New York :
Name of publisher, distributor, etc. Scholastic,
Date of publication, distribution, etc. 2003.
300 ## - PHYSICAL DESCRIPTION
Extent 24 pages :
Other physical details color illustrations ;
Dimensions 16 x 18 cm.
490 1# - SERIES STATEMENT
Series statement American symbols
505 ## - FORMATTED CONTENTS NOTE
Formatted contents note O<br/>
520 ## - SUMMARY, ETC.
Summary, etc. Uses easy-to-read text to introduce the Statue of Liberty as an American symbol of freedom.
521 8# - TARGET AUDIENCE NOTE
Target audience note 630<br/>
Source Lexile<br/>
521 8# - TARGET AUDIENCE NOTE
Target audience note O<br/>
Source Raz-Plus<br/>
650 #0 - SUBJECT ADDED ENTRY--TOPICAL TERM
Topical term or geographic name entry element Statue of Liberty (New York, N.Y.)
Form subdivision Juvenile literature.
650 #1 - SUBJECT ADDED ENTRY--TOPICAL TERM
Topical term or geographic name entry element Statue of Liberty (New York, N.Y.)
650 #1 - SUBJECT ADDED ENTRY--TOPICAL TERM
Topical term or geographic name entry element National monuments.
650 #1 - SUBJECT ADDED ENTRY--TOPICAL TERM
Topical term or geographic name entry element Statues.
651 #0 - SUBJECT ADDED ENTRY--GEOGRAPHIC NAME
Geographic name New York (N.Y.)
General subdivision Buildings, structures, etc.
Form subdivision Juvenile literature.
800 1# - SERIES ADDED ENTRY--PERSONAL NAME
Personal name Douglas, Lloyd G.
Title of a work American symbols.
906 ## - LOCAL DATA ELEMENT F, LDF (RLIN)
a 7
b cbc
c orignew
d 1
e ecip
f 20
g y-gencatlg
942 ## - ADDED ENTRY ELEMENTS (KOHA)
Source of classification or shelving scheme Dewey Decimal Classification
Koha item type Books
Suppress in OPAC No
Holdings
Withdrawn status Lost status Source of classification or shelving scheme Damaged status Not for loan Collection Home library Current library Shelving location Date acquired Total Checkouts Full call number Barcode Date last seen Copy number Price effective from Koha item type Date last checked out
    Dewey Decimal Classification     Non-Fiction Footprints International School Library Network Toul Kork Campus Footprints International School Library Network Toul Kork Campus TK Primary Library Room(4th Floor), Bookcase 3&4, Shelves 17-32, Yellow Books 10/09/2023   DOU 974.71 F128.L6 FISBK02162 10/09/2023 1 10/09/2023 Books  
    Dewey Decimal Classification     Non-Fiction Footprints International School Library Network Toul Kork Campus Footprints International School Library Network Toul Kork Campus   10/09/2023 1 DOU 974.71 F128.L6 FISBK02161 03/26/2024 2 10/09/2023 Books 03/19/2024